000 00853cab a2200241 4500
001 WB3410-21
008 090401t1998 xxu||||| |||| 00| 0 eng d
035 _a(Sirsi) u84868
041 _aeng
245 _aBanks not ready for Emu
260 _c1998
350 _a0
490 _aFinancial Times
_v13 March 1998, 9(1)
520 _aA study from the Bank of England warns that banks may not be able to join the Emu until at least 2005, because they will not start to get computer systems ready for the introduction of the euro, until they have dealt with the millennium timebomb. Lists key issues to be resolved.
650 _aBANK OF ENGLAND
650 _aEMU
650 _aEURO
650 _aFINANCIAL SECTOR
650 _aMILLENNIUM TIMEBOMB
690 _aPROPERTY-PROPERTY FINANCE AND INVESTMENT
942 _n0
948 _c13/03/1998
999 _c53374
_d53374